Brawl Stars: Dynamike Skins by Picture - Statistics

General Stats
  • This quiz has been taken 87 times
    22 since last reset
  • The average score is 11 of 25
Answer Stats
Picture Answer % Correct
True Gold Mike
83%
True Silver Mike
83%
Robo Mike
78%
Dynasty Mike
67%
Moldy Mike
67%
PSG Mike
67%
Spicy Mike
67%
Bellhop Mike
61%
Tengu Mike
61%
Boomer Dynamike
56%
Coach Mike
50%
Classic Dynamike
39%
Romantic Dynamike
39%
Santa Mike
39%
Decaying Dynamike
33%
Ghoulish Dynamike
33%
Occultist Dynamike
33%
Firecracker Wizard Mike
28%
Haunted Dynamike
28%
Chivas Mike
22%
Sugar Bomb Mike
22%
Ghastly Dynamike
17%
Possessed Dynamike
17%
Flamengo Mike
11%
LDU Quito Mike
11%
No matching quizzes found
Score Distribution
Percent of People with Each Score
Percentile by Number Answered
Your Score History
You have not taken this quiz since the last reset